00623nac a22001937a 4500001001000000003000900010005001700019008003400036040005400070072000800124110006400132245005900196260004200255300001100297490006000308650001600368650001600384650002900400BR6007761BR-BrBNA20240105113220.0230509b bl.|||m| |||| 00| 0 por d aBR-BrBNAbporcBiblioteca Nacional de Agricultura aA501 aConselho Nacional de Pesquisas, Rio de Janeiro, GB (Brasil)1 aRelatorio 1966 [Conselho Nacional de Pesquisa, Brasil]3 aRio de Janeiro, GB (Brasil): c1966.  a345 p. aRelatorio - Conselho Nacional de Pesquisas (Brazil)vx aAGRICULTURA aVETERINARIA aDESENVOLVIMENTO AGRICOLA